000 00493nam a22002057a 4500
003 OSt
005 20180116183007.0
008 150810b xxu||||| |||| 00| 0 eng d
020 _a9788131756218
040 _c0
082 _a658.452 MUN 2013
100 _aMary Munter
245 _aGuide to Presentations
_cMary Munter
250 _a3rd
260 _aIndia
_bPearson
_c2013
300 _a164p.
_bPB
440 _aGuide to Presentations
600 _aMary Munter
942 _2ddc
_cBK
999 _c350100
_d350100